| Tag |
First Indicator |
Second Indicator |
Subfields |
| LEADER |
00000cam a2200000Ia 4500 |
| 001 |
in00002379679 |
| 005 |
20210810090229.0 |
| 006 |
m d |
| 007 |
cr cn||||||||| |
| 008 |
080104s2007 nyu sb 001 0 eng d |
| 020 |
|
|
|a 1402049625
|
| 020 |
|
|
|a 9781402049620
|
| 029 |
1 |
|
|a AU@
|b 000042133954
|
| 035 |
|
|
|a (OCoLC)187309794
|
| 035 |
|
|
|a (OCoLC)ocn187309794
|
| 037 |
|
|
|a 978-1-4020-4961-3
|b Springer
|n http://www.springerlink.com
|
| 040 |
|
|
|a GW5XE
|c GW5XE
|d GW5XE
|d UtOrBLW
|
| 043 |
|
|
|a f------
|a a------
|
| 049 |
|
|
|a TEFA
|
| 050 |
1 |
4 |
|a R725.59
|b .A884 2007eb
|
| 060 |
1 |
4 |
|a 2007 B-601
|
| 060 |
1 |
4 |
|a WB 60
|b A872i 2007
|
| 072 |
|
7 |
|a R
|2 lcco
|
| 082 |
0 |
4 |
|a 174/.957
|2 22
|
| 100 |
1 |
|
|a Atighetchi, Dariusch.
|0 http://id.loc.gov/authorities/names/nr2003008373
|
| 245 |
1 |
0 |
|a Islamic bioethics :
|b problems and perspectives /
|c Dariusch Atighetchi.
|
| 264 |
|
1 |
|a [New York?] :
|b Springer,
|c [2007]
|
| 264 |
|
4 |
|c ©2007
|
| 300 |
|
|
|a xiii, 375 pages ;
|c 24 cm.
|
| 336 |
|
|
|a text
|b txt
|2 rdacontent
|
| 337 |
|
|
|a computer
|b c
|2 rdamedia
|
| 338 |
|
|
|a online resource
|b cr
|2 rdacarrier
|
| 490 |
1 |
|
|a International library of ethics, law, and the new medicine ;
|v v. 31
|
| 500 |
|
|
|a Electronic resource.
|
| 504 |
|
|
|a Includes bibliographical references and indexes.
|
| 533 |
|
|
|a Electronic reproduction.
|b New York :
|c Springer,
|d 2007.
|n Mode of access: World Wide Web.
|n System requirements: Web browser.
|n Title from title screen (viewed on Dec. 13, 2007).
|n Access may be restricted to users at subscribing institutions.
|
| 650 |
|
0 |
|a Bioethics
|x Religious aspects
|x Islam.
|0 http://id.loc.gov/authorities/subjects/sh2019001592
|
| 650 |
|
0 |
|a Islamic ethics.
|0 http://id.loc.gov/authorities/subjects/sh85068451
|
| 650 |
|
2 |
|a Bioethical Issues.
|0 https://id.nlm.nih.gov/mesh/D026688
|
| 650 |
|
2 |
|a Ethics, Medical.
|0 https://id.nlm.nih.gov/mesh/D004992
|
| 650 |
|
2 |
|a Islam.
|0 https://id.nlm.nih.gov/mesh/D007514
|
| 650 |
|
2 |
|a Religion and Medicine.
|0 https://id.nlm.nih.gov/mesh/D012068
|
| 655 |
|
7 |
|a Electronic books.
|2 local
|
| 710 |
2 |
|
|a SpringerLink (Online service)
|0 http://id.loc.gov/authorities/names/no2005046756
|
| 776 |
1 |
|
|c Original
|z 9781402049613
|z 1402049617
|z 9781402049620
|z 1402049625
|w (DLC) 2007272704
|w (OCoLC)70574010
|
| 830 |
|
0 |
|a International library of ethics, law, and the new medicine ;
|v v. 31.
|0 http://id.loc.gov/authorities/names/n99279940
|
| 856 |
4 |
0 |
|u http://proxy.library.tamu.edu/login?url=https://dx.doi.org/10.1007/978-1-4020-4962-0
|z Connect to the full text of this electronic book
|t 0
|
| 994 |
|
|
|a C0
|b TEF
|
| 999 |
|
|
|a MARS
|
| 999 |
f |
f |
|s c56e5fb1-8763-3bba-b2f8-eba9d0b27d07
|i 05c4409b-fc6b-3da9-be68-8c8bcf92f65e
|t 0
|
| 952 |
f |
f |
|a Texas A&M University
|b College Station
|c Electronic Resources
|d Available Online
|t 0
|e R725.59 .A884 2007eb
|h Library of Congress classification
|
| 998 |
f |
f |
|a R725.59 .A884 2007eb
|t 0
|l Available Online
|